00689nam a2200193Ia 4500001000500000005001700005008004100022041000800063082001900071100003900090245014000129260000900269300003400278650000800312654000800320942002500328999001500353952012700368445220260306145757.0260306t2018||||xx |||||||||||||| ||spa|| aESP a322.10985bC94 aCubas Ramacciotti, Ricardo D.eAUT 4aThe politics of religion and the rise of social catholicism in Perú (1884-1935):bfaith, workers, and race before Liberation Theology c2018 axiii, 297 páginas :c24 cm. aGEN aCHU cLIBdJUSfJUS2ddcn c4452d4452 o322.10985 C94p10610908UCSPt17052bVABaVABcPBAd2026-06-03e6r2026-03-06 19:57:57l0w2026-03-06yLIB102ddc4000